000 01084nam a22003497a 4500
001 0051292
003 KOHA_MİRAKIL
005 20260207003800.0
007 ta
008 150629b2014 tu a|||gr||||#||||0|tur |
020 _a9786051338941
040 _aTR-BiSEU
_btur
_cTR-BiSEU
_erda
041 0 _atur
044 _ctu
050 _aQC174.12
_b.E66 2014
100 1 _aErbil, H. Hüseyin.
245 1 _aAnalitik ve kuantum mekaniği/
_cH. Hüseyin Erbil ; H. Hüseyin Erbil .
264 1 _aAnkara :
_bNobel Akademik Yayıncılık
_c2014
300 _aXIV, 897 sayfa :
_bresimli ;
_c24 cm.
336 _ametin
_btxt
_2rdacontent
337 _aaracısız
_bn
_2rdamedia
338 _acilt
_bnc
_2rdacarrier
490 1 _aNobel Akademik yayıncılık yayın no ;
_v993.
490 1 _aFen Bilimleri no ;
_v087
500 _aDizin var.
500 _aKaynakça var.
650 0 _aFizik.
_91572
650 0 _aKuantum mekaniği.
_949854
830 1 _aNobel Akademik yayıncılık yayın no ;
_v993.
_995168
830 1 _aFen Bilimleri no ;
_v087
_977468
942 _2lcc
_cBK
999 _c51116
_d51116